=LDR 00000nam 2200000 4500 =001 INLIS000000000004025 =005 20250618093843 =035 ##$$a 0010-0625000230 =007 ta =008 250618################g##########0#ind## =082 ##$$a 304.607 2 =084 ##$$a 304.607 2 BAD i =245 1#$$a Indonesia Demographic And Health Survey 1991 : $b Preliminary Report /$c Badan Koordinasi Keluarga Berencana Nasional =260 ##$$a Jakarta :$b Badan Koordinasi Keluarga Berencana Nasional,$c 1991 =300 ##$$a v; 37 hlm. : $b ilus. ; $c 29,7 cm. =650 #4$$a Keluarga Berencana =110 #$$a Badan Koordinasi Keluarga Berencana Nasional =505 ##$$a tersedia.